000 00831cam a2200229 4500
008
049 _aMAIN
090 _aT56.25 SCI
100 1 0 _aThompson, Clarence Bertrand
245 1 0 _aScientific management;
_ba collection of the more significant articles describing the Taylor system of management,
_ced. by Clarence Bertrand Thompson ...
260 0 _aLondon:
_bRoutledge/Thoemmes]
_c1993.
300 _axii, 878 p.
_bill., forms (part fold.)
_c24 cm.
504 _a"Bibliography of scientific management": p. [861]-878.
500 _aA reprint of the 1914 edition.
650 0 _aIndustrial efficiency.
600 1 0 _aTaylor, Frederick Winslow
907 _a.b10227519
_b26-01-07
_c26-01-07
003
005 20230123134343.0
040 _cNUST
942 _cBOOKS
_kT56.25 SCI
999 _c164440
_d164440